| 000 | 00541pab a2200181 454500 | ||
|---|---|---|---|
| 008 | 180718b2005 xxu||||| |||| 00| 0 eng d | ||
| 100 | _aSundari, S. | ||
| 245 | _aReal earnings of migrant women in urban informal sector: a study in Tamil Nadu | ||
| 260 | _c2005 | ||
| 300 | _ap.619-29. | ||
| 362 | _aJul-Sep | ||
| 650 | _aInformal sector - India - Tamil Nadu | ||
| 650 | _aWomen - India - Tamil Nadu | ||
| 650 | _aMigrants - India - Tamil Nadu | ||
| 650 | _aMigrants | ||
| 773 | _aIndian Journal of Labour Economics | ||
| 909 | _a68895 | ||
| 999 |
_c68895 _d68895 |
||